Education for all / (Record no. 17015)

MARC details
000 -LEADER
fixed length control field 00679nam a22002057a 4500
008 - FIXED-LENGTH DATA ELEMENTS--GENERAL INFORMATION
fixed length control field 081020t xxu||||| |||| 00| 0 eng d
010 ## - LIBRARY OF CONGRESS CONTROL NUMBER
LC control number ENG-84048
020 ## - INTERNATIONAL STANDARD BOOK NUMBER
International Standard Book Number 8131300927
020 ## - INTERNATIONAL STANDARD BOOK NUMBER
Terms of availability 595.00 (hb)
035 ## - SYSTEM CONTROL NUMBER
System control number EN-67581
082 ## - DEWEY DECIMAL CLASSIFICATION NUMBER
Classification number 370.194 / NAN
100 ## - MAIN ENTRY--PERSONAL NAME
Personal name Nanda, Jayashree
245 ## - TITLE STATEMENT
Title Education for all /
Statement of responsibility, etc by Jayashree Nanda
260 ## - PUBLICATION, DISTRIBUTION, ETC. (IMPRINT)
Place of publication, distribution, etc New Delhi
Name of publisher, distributor, etc A P H Publishing
260 ## - PUBLICATION, DISTRIBUTION, ETC. (IMPRINT)
Date of publication, distribution, etc 2007
300 ## - PHYSICAL DESCRIPTION
Extent xiii, 244p
Dimensions 22cm
500 ## - GENERAL NOTE
General note Includes index
942 ## - ADDED ENTRY ELEMENTS (KOHA)
Source of classification or shelving scheme Dewey Decimal Classification
Koha item type English Books
Classification part 370.194
Call number suffix NAN
Holdings
Withdrawn status Lost status Source of classification or shelving scheme Damaged status Not for loan Home library Current library Date acquired Cost, normal purchase price Total Checkouts Full call number Barcode Date last seen Copy number Cost, replacement price Price effective from Koha item type
    Dewey Decimal Classification   Not For Loan D.B.Act.Division D.B.Act.Division 22/02/2007 595.00   370.194 NAN EN-67581 21/10/2008 1 595.00 21/10/2008 English Books

© Delhi Public Library
Hit Counter
free hit counter